000 00922cam a2200241 a 4500
001 000001600
005 20200929145632.0
008 780601s1968 fr 000 d spa d
040 _aDO-SdBNP
_bspa
_cBNPHU
082 _a862.3
_bM722b, 1968
100 1 _aMolina, Tirso de,
_d1579-1648.
_95246
245 1 3 _aEl burlador de Sevilla y convidado de piedra (Don Juan) /
_cTirso de Molina ; introducción, traducción y notas de Pierre Guenoun.
246 1 2 _aL'Abuseur de Séville et l'invité de pierre (Don Juan) /
260 _aParís :
_bAubier-Flammarion,
_c1968.
300 _a191 p. ;
_c18 cm.
490 1 _aBilingüe Aubier-Flammarion
_v8
500 _aIncluye texto a dos columnas en español y francés.
650 4 _aTeatro español
_93071
650 4 _aLiteratura española
_9632
650 4 _aComedia española
_93085
700 1 _aGuenoun, Pierre,
_eed.
_95247
830 0 _aBilingüe Aubier-Flammarion ;
_v8
_95248
999 _c1495
_d1495